Statistiques concernant Paroles : La bonne du Curé - Annie Cordy

Cliquez ici pour prendre le quiz!

Statistiques générales

  • Ce quiz a été pris 39 fois
  • Le résultat moyen est 206 sur 279

Statistiques - réponses

Réponse% Correct
bon
97%
cure
97%
curé
97%
curé.
97%
du
97%
la
97%
La
97%
bonn'
95%
le
95%
de
92%
des
92%
est
89%
mais
89%
Mais
89%
me
89%
un'
89%
un
89%
à
87%
bien,
87%
bien
87%
Ça
87%
ça
87%
ca
87%
C'est
87%
c'est
87%
chatouille,
87%
chatouille
87%
idées
87%
idées.
87%
J'voudrais
87%
j'voudrais
87%
les
87%
par
87%
point
87%
point.
87%
une
87%
comm'
84%
d'être
84%
donn'
84%
facile,
84%
gratouille,
84%
gratouille
84%
j'peux
84%
ne
84%
on
84%
pas
84%
Quand
84%
quand
84%
que
84%
commode
82%
diable,
82%
diable
82%
fille
82%
je
82%
Je
82%
mode,
82%
pieds.
82%
pieds
82%
tire
82%
d'avoir
79%
Et
79%
et
79%
style,
79%
derrier'
74%
derrièr'
74%
j'suis
71%
l'église,
71%
l'église
71%
bêtises
68%
bêtises,
68%
bonne
68%
empêcher.
68%
empêcher
68%
m'en
68%
Dieu
66%
moué.
66%
pardonne
66%
qu'est
66%
vie
66%
fait
63%
dure
61%
en
61%
il
61%
se
61%
tout.
61%
grenouilles
58%
J'fais
58%
j'fais
58%
voudrais
58%
aim'
55%
bénitiers.
55%
(ouin ouin ouin)
55%
pour
55%
rigoler !
55%
jupette
53%
avec
50%
gars
50%
mini
50%
sacristie.
50%
corsage
47%
Entre
47%
faire
47%
trous.
47%
trous
47%
figures
45%
mettre
45%
pays.
45%
paraît
42%
qu'des
42%
quête,
42%
toujours
42%
brin
39%
causette
39%
dans
37%
veux
37%
cachette
34%
Car
34%
fête,
32%
danser.
26%
aller
24%
J'file
24%
qu'un
24%
tête,
24%
beau
21%
disques
21%
perds
21%
succès.
21%
Claude
18%
fleurette,
18%
j'en
18%
monter
18%
motocyclette,
18%
prés.
18%
promener
18%
compte
16%
Françoué !
16%
cantiques
13%
vaut
13%

Distribution des résultats

Percentile par nombre de réponses

% des personnes avec chaque résultat

Votre développement - résultats

Vous n’avez pas pris ce quiz